[Event "IECG CP.2003.P.00083 email"]
[Site "IECG email"]
[Date "2003.10.01"]
[Round "?"]
[White "Schulle, Jozsef"]
[Black "Puleston, Tim O"]
[Result "1/2-1/2"]
[WhiteElo "1489"]
[BlackElo "1850"]
[PlyCount "46"]
[EventDate "2003.10.01"]
[EventType "tourn (corr)"]
[EventRounds "6"]
[EventCountry "RUS"]
[SourceTitle "Corr 2008"]
[Source "ChessBase"]
[SourceDate "2008.06.24"]
[SourceVersion "1"]
[SourceVersionDate "2008.06.24"]
[SourceQuality "1"]

1. d4 d5 2. c4 c6 3. e3 Nf6 4. Bd3 e5 5. dxe5 dxc4 6. Be2 Qxd1+ 7. Bxd1 Ng4 8. Nf3 Nd7 9. e6 Nde5 10. exf7+ Kxf7 11. 0-0 Nxf3+ 12. Bxf3 Bd6 13. h3 Ne5 14. Be4 Re8 15. Rd1 Bc7 16. Nc3 Be6 17. f4 Nd3 18. Bxd3 cxd3 19. Rxd3 Rad8 20. Rxd8 Bxd8 21. Kf2 Bf5 22. e4 Bxe4 23. Nxe4 Rxe4 1/2-1/2

[Event "IECC CL6-2002.29"]
[Site "IECC email"]
[Date "2002.10.12"]
[Round "?"]
[White "Schulle, Jozsef"]
[Black "Van Gimst, Herman"]
[Result "1-0"]
[WhiteElo "1201"]
[BlackElo "1146"]
[PlyCount "37"]
[EventDate "2002.??.??"]
[EventType "tourn (corr)"]
[EventRounds "4"]
[SourceTitle "Corr 2008"]
[Source "ChessBase"]
[SourceDate "2008.06.24"]
[SourceVersion "1"]
[SourceVersionDate "2008.06.24"]
[SourceQuality "1"]

1. c4 e5 2. Nc3 Nf6 3. Nf3 d6 4. d4 exd4 5. Nxd4 c5 6. Qa4+ Bd7 7. Ndb5 Bc6 8. Bg5 Be7 9. Rd1 Nbd7 10. Qc2 h6 11. Bf4 d5 12. Nc7+ Kf8 13. cxd5 Nxd5 14. N3xd5 Bxd5 15. Rxd5 Rc8 16. Qd2 Rxc7 17. Bxc7 Qxc7 18. Rxd7 Qc6 19. Qd5 1-0

[Event "IECC CL6-2002.29"]
[Site "IECC email"]
[Date "2002.10.12"]
[Round "?"]
[White "Spiljard, Jan"]
[Black "Schulle, Jozsef"]
[Result "1-0"]
[WhiteElo "1370"]
[BlackElo "1214"]
[PlyCount "49"]
[EventDate "2002.??.??"]
[EventType "tourn (corr)"]
[EventRounds "4"]
[SourceTitle "Corr 2008"]
[Source "ChessBase"]
[SourceDate "2008.06.24"]
[SourceVersion "1"]
[SourceVersionDate "2008.06.24"]
[SourceQuality "1"]

1. e4 c6 2. d4 d5 3. exd5 cxd5 4. c4 Nc6 5. cxd5 Qxd5 6. Nf3 Bg4 7. Nc3 Qa5 8. d5 Nb8 9. h3 Bxf3 10. Qxf3 Nd7 11. Be2 Ngf6 12. 0-0 a6 13. Rd1 Qb6 14. Bf4 h6 15. Rac1 g5 16. Bh2 Rg8 17. Na4 Qa7 18. Rc7 g4 19. hxg4 Nxg4 20. Rxd7 Nxh2 21. Kxh2 Bg7 22. Rxe7+ Kxe7 23. Qa3+ Ke8 24. Bb5+ axb5 25. Re1+ 1-0

[Event "IECG CP.2002.P.00082 email"]
[Site "IECG email"]
[Date "2002.10.01"]
[Round "?"]
[White "Meulemans, Bart"]
[Black "Schulle, Jozsef"]
[Result "1-0"]
[WhiteElo "2176"]
[BlackElo "1448"]
[PlyCount "95"]
[EventDate "2002.10.01"]
[EventType "tourn (corr)"]
[EventRounds "6"]
[EventCountry "GER"]
[SourceTitle "Corr 2008"]
[Source "ChessBase"]
[SourceDate "2008.06.24"]
[SourceVersion "1"]
[SourceVersionDate "2008.06.24"]
[SourceQuality "1"]

1. e4 c6 2. d4 d5 3. exd5 cxd5 4. c4 Nc6 5. cxd5 Qxd5 6. Nf3 e6 7. Nc3 Bb4 8. Bd3 Qa5 9. Bd2 Nf6 10. 0-0 0-0 11. a3 Be7 12. Qc2 Qh5 13. Ne2 Bd6 14. Ng3 Bxg3 15. fxg3 Bd7 16. Rae1 Rac8 17. Qc5 Rfd8 18. Qxh5 Nxh5 19. g4 Nf6 20. g5 Nd5 21. Re4 Nce7 22. Ne5 Be8 23. Rh4 Ng6 24. Nxg6 hxg6 25. Rf3 Bc6 26. Be4 Nb6 27. Bxc6 Rxc6 28. Rfh3 Kf8 29. Bb4+ Ke8 30. Rf4 Rc1+ 31. Kf2 Rc2+ 32. Kf3 Kd7 33. Rxf7+ Kc6 34. Re7 Rxd4 35. Rxe6+ Kb5 36. Rxg6 Rxb2 37. Rxg7 a5 38. Bc3 Rd3+ 39. Ke4 Rxh3 40. gxh3 Re2+ 41. Kf5 Nd5 42. Rxb7+ Ka6 43. Rb2 Re3 44. Be5 Ne7+ 45. Kf6 Nc6 46. Bc7 Rf3+ 47. Kg7 Rc3 48. g6 1-0

[Event "IECG CP.2002.P.00082 email"]
[Site "IECG email"]
[Date "2002.10.01"]
[Round "?"]
[White "Rosso, Pier Andrea"]
[Black "Schulle, Jozsef"]
[Result "0-1"]
[WhiteElo "2089"]
[BlackElo "1448"]
[PlyCount "90"]
[EventDate "2002.10.01"]
[EventType "tourn (corr)"]
[EventRounds "6"]
[EventCountry "GER"]
[SourceTitle "Corr 2008"]
[Source "ChessBase"]
[SourceDate "2008.06.24"]
[SourceVersion "1"]
[SourceVersionDate "2008.06.24"]
[SourceQuality "1"]

1. e4 c6 2. d4 d5 3. Nd2 dxe4 4. Nxe4 Bf5 5. Ng3 Bg6 6. h4 h6 7. Nf3 Nd7 8. h5 Bh7 9. Bd3 Bxd3 10. Qxd3 e6 11. Bf4 Qa5+ 12. Bd2 Qc7 13. Ne4 Ngf6 14. 0-0-0 0-0-0 15. Kb1 Nc5 16. Nxc5 Bxc5 17. c3 Rhg8 18. Qe2 Bd6 19. Ne5 Nd5 20. c4 Nb4 21. Bxb4 Bxb4 22. c5 Rd5 23. Nc4 Qd8 24. Qf3 Rd7 25. Qb3 Ba5 26. Qa3 b6 27. b4 Bxb4 28. Qxb4 Qe7 29. Rh3 bxc5 30. Qxc5 Qxc5 31. dxc5 Rxd1+ 32. Kc2 Rd5 33. Rc3 Rxh5 34. Nd6+ Kc7 35. Kd3 Rb8 36. Rc2 Rd5+ 37. Ke3 f6 38. g3 Rb1 39. Kf3 Kd7 40. Ke2 h5 41. Kf3 g5 42. Kg2 Rb4 43. Kf1 Rbd4 44. a3 h4 45. Kg2 hxg3 0-1

[Event "IECG WC.2001.F.00005 email"]
[Site "IECG email"]
[Date "2001.12.15"]
[Round "?"]
[White "Jenneborg, Seved"]
[Black "Schulle, Jozsef"]
[Result "1/2-1/2"]
[WhiteElo "965"]
[BlackElo "1252"]
[PlyCount "96"]
[EventDate "2001.12.15"]
[EventType "tourn (corr)"]
[EventRounds "10"]
[SourceTitle "Corr 2008"]
[Source "ChessBase"]
[SourceDate "2008.06.24"]
[SourceVersion "1"]
[SourceVersionDate "2008.06.24"]
[SourceQuality "1"]

1. d4 d5 2. c4 e6 3. Nf3 Nf6 4. Bg5 h6 5. Bxf6 Qxf6 6. Qb3 dxc4 7. Qxc4 c6 8. e3 Be7 9. Bd3 0-0 10. Nbd2 b6 11. Qa4 Bd8 12. 0-0 Bc7 13. Rac1 Bb7 14. Qa3 Rc8 15. Ne4 Qd8 16. Rfd1 a5 17. Be2 Ba6 18. Nc3 Qf6 19. Bxa6 Rxa6 20. Ne4 Qd8 21. Qd3 Qd5 22. Nc3 Qh5 23. e4 Rd8 24. e5 Ra7 25. Ne4 Qf5 26. Qe3 Rd5 27. Ng3 Qg6 28. Ne2 Rd8 29. Nf4 Qf5 30. h3 a4 31. Ne2 Ra5 32. Ng3 Qg6 33. Re1 Rad5 34. Ne4 R5d7 35. Re2 Re8 36. Qc3 Red8 37. Qb4 b5 38. b3 axb3 39. Qxb3 Bb6 40. a4 Bxd4 41. axb5 cxb5 42. Nd6 Bxe5 43. Nxf7 Bh2+ 44. Nxh2 Qxf7 45. Qxb5 Rd1+ 46. Rxd1 Rxd1+ 47. Nf1 Nd7 48. Rd2 Rxd2 1/2-1/2

[Event "IECC CL7-2001.14"]
[Site "IECC email"]
[Date "2001.05.28"]
[Round "?"]
[White "Selijanchin, Nikolaj"]
[Black "Schulle, Jozsef"]
[Result "1-0"]
[WhiteElo "1228"]
[BlackElo "1073"]
[PlyCount "67"]
[EventDate "2001.??.??"]
[EventType "tourn (corr)"]
[EventRounds "4"]
[SourceTitle "Corr 2008"]
[Source "ChessBase"]
[SourceDate "2008.06.24"]
[SourceVersion "1"]
[SourceVersionDate "2008.06.24"]
[SourceQuality "1"]

1. e4 c6 2. d4 d5 3. exd5 cxd5 4. c4 Nc6 5. Nf3 Be6 6. Nc3 Nf6 7. c5 Bg4 8. Bb5 Rc8 9. h3 Bxf3 10. Qxf3 g6 11. 0-0 Bg7 12. Bg5 0-0 13. Rad1 e6 14. Rfe1 h6 15. Bh4 g5 16. Bg3 Nd7 17. Bxc6 Rxc6 18. b4 Qf6 19. Qg4 Qd8 20. Qe2 Qa8 21. h4 Nf6 22. hxg5 hxg5 23. b5 Rcc8 24. Be5 Rfe8 25. Rd3 Nh7 26. Bxg7 Kxg7 27. Qh5 Rh8 28. Rh3 Rce8 29. Qh6+ Kg8 30. Re5 Qd8 31. c6 bxc6 32. bxc6 Qf6 33. Qxf6 Nxf6 34. Rxg5+ 1-0

[Event "IECG FI.2001.0.00010 (Class N)"]
[Site "IECG email"]
[Date "2001.04.01"]
[Round "?"]
[White "Chuprys, Viktar"]
[Black "Schulle, Jozsef"]
[Result "1/2-1/2"]
[WhiteElo "1181"]
[BlackElo "1213"]
[PlyCount "111"]
[EventDate "2001.04.01"]
[EventType "tourn (corr)"]
[EventRounds "13"]
[SourceTitle "Corr 2008"]
[Source "ChessBase"]
[SourceDate "2008.06.24"]
[SourceVersion "1"]
[SourceVersionDate "2008.06.24"]
[SourceQuality "1"]

1. d4 d5 2. Nf3 Nf6 3. Bg5 Ne4 4. Bh4 c6 5. e3 Qb6 6. b3 Bf5 7. Bd3 Qa5+ 8. Nfd2 Nxd2 9. Nxd2 Bxd3 10. cxd3 Qc3 11. Ke2 e6 12. Rc1 Qa5 13. Rc2 Nd7 14. Qa1 Bd6 15. Bg3 Be7 16. Nb1 0-0 17. Rhc1 Rac8 18. a3 Qa6 19. Qb2 c5 20. b4 b6 21. b5 Qa5 22. dxc5 bxc5 23. Nd2 a6 24. Rb1 Qa4 25. bxa6 Rfd8 26. a7 Qxa7 27. Qb3 Rc6 28. Qb7 Qa4 29. Rc3 Bf6 30. Rcb3 Ra6 31. Qc7 Ra5 32. Rc1 Ra7 33. Qd6 h6 34. Rcb1 Ra6 35. Qc7 Raa8 36. Qf4 c4 37. dxc4 Nc5 38. Rb8 Qxa3 39. Rxa8 Qd3+ 40. Kd1 Rxa8 41. Rb8+ Rxb8 42. Qxb8+ Kh7 43. Qb1 Qxb1+ 44. Nxb1 dxc4 45. Na3 c3 46. Kc2 Ne4 47. Kd3 Nxg3 48. hxg3 h5 49. Nb5 g5 50. Nxc3 Bxc3 51. Kxc3 Kg6 52. Kd4 Kf5 53. e4+ Kf6 54. f3 g4 55. f4 e5+ 56. fxe5+ 1/2-1/2

[Event "IECG FI.2001.0.00010 (Class N)"]
[Site "IECG email"]
[Date "2001.04.01"]
[Round "?"]
[White "Parrilla, Antonio"]
[Black "Schulle, Jozsef"]
[Result "1/2-1/2"]
[WhiteElo "1138"]
[BlackElo "1213"]
[PlyCount "69"]
[EventDate "2001.04.01"]
[EventType "tourn (corr)"]
[EventRounds "13"]
[SourceTitle "Corr 2008"]
[Source "ChessBase"]
[SourceDate "2008.06.24"]
[SourceVersion "1"]
[SourceVersionDate "2008.06.24"]
[SourceQuality "1"]

1. Nc3 d5 2. f4 c6 3. e4 g6 4. d4 dxe4 5. Nxe4 Bg7 6. Nf3 Nd7 7. Bd3 Ngf6 8. Nxf6+ Nxf6 9. 0-0 Bg4 10. c3 0-0 11. f5 Bxf3 12. Qxf3 Qd5 13. Qe2 Rae8 14. Bg5 b5 15. Rae1 Qxa2 16. Ra1 Qd5 17. Rxa7 e5 18. fxg6 fxg6 19. Bb1 b4 20. Bxf6 Bxf6 21. Rxh7 exd4 22. Qd3 Qg5 23. Rd7 dxc3 24. bxc3 Bxc3 25. Qxg6+ Qxg6 26. Bxg6 Rxf1+ 27. Kxf1 Re1+ 28. Kf2 Rh1 29. h3 c5 30. Ke2 Re1+ 31. Kf2 Re5 32. Kf3 Rg5 33. Bf7+ Kf8 34. Bb3 Rg7 35. Rxg7 1/2-1/2

[Event "IECG FI.2001.0.00010 (Class N)"]
[Site "IECG email"]
[Date "2001.04.01"]
[Round "?"]
[White "Schulle, Jozsef"]
[Black "Smyth, Peter"]
[Result "1/2-1/2"]
[WhiteElo "1213"]
[BlackElo "1468"]
[PlyCount "112"]
[EventDate "2001.04.01"]
[EventType "tourn (corr)"]
[EventRounds "13"]
[SourceTitle "Corr 2008"]
[Source "ChessBase"]
[SourceDate "2008.06.24"]
[SourceVersion "1"]
[SourceVersionDate "2008.06.24"]
[SourceQuality "1"]

1. d4 g6 2. c4 Bg7 3. e4 d5 4. cxd5 c6 5. dxc6 Bxd4 6. cxb7 Bxb7 7. Bb5+ Bc6 8. Bxc6+ Nxc6 9. Ne2 Nf6 10. 0-0 Be5 11. Qa4 Rc8 12. Nbc3 Qc7 13. f4 Qb6+ 14. Kh1 Bxc3 15. Nxc3 0-0 16. Qb3 Qxb3 17. axb3 a5 18. Rd1 Rfd8 19. Rxd8+ Rxd8 20. Be3 Ng4 21. Bb6 Rd2 22. Rc1 Nf2+ 23. Bxf2 Rxf2 24. Kg1 Rd2 25. Nd5 Nd4 26. Nxe7+ Kf8 27. Rc7 Ne6 28. Ra7 Nxf4 29. Nd5 Nxd5 30. exd5 Rxd5 31. h3 h5 32. Rb7 Rd2 33. Ra7 Rxb2 34. Rxa5 Rxb3 35. Ra7 h4 36. Kf2 Kg7 37. Rd7 g5 38. Ke2 Rb6 39. Kf3 Kg6 40. Ra7 f5 41. Ra3 Rb5 42. Ra6+ Kf7 43. Rc6 Rb3+ 44. Kf2 Rb2+ 45. Kf3 Rb7 46. Ra6 Re7 47. Rb6 Re6 48. Rb8 Kg6 49. Rg8+ Kh6 50. Rf8 Re5 51. Rh8+ Kg7 52. Rc8 Re6 53. Rb8 Rg6 54. Rb7+ Kh6 55. Rf7 g4+ 56. Kf4 gxh3 1/2-1/2

[Event "IECG FI.2001.0.00010 (Class N)"]
[Site "IECG email"]
[Date "2001.04.01"]
[Round "?"]
[White "Van Boven, Maarten"]
[Black "Schulle, Jozsef"]
[Result "1/2-1/2"]
[WhiteElo "1188"]
[BlackElo "1213"]
[PlyCount "61"]
[EventDate "2001.04.01"]
[EventType "tourn (corr)"]
[EventRounds "13"]
[SourceTitle "Corr 2008"]
[Source "ChessBase"]
[SourceDate "2008.06.24"]
[SourceVersion "1"]
[SourceVersionDate "2008.06.24"]
[SourceQuality "1"]

1. e4 c6 2. d4 d5 3. e5 Bf5 4. Nf3 e6 5. Be2 c5 6. 0-0 Nc6 7. c3 cxd4 8. cxd4 Nge7 9. Nc3 Nc8 10. Be3 Nb6 11. Rc1 Be7 12. Na4 Nd7 13. a3 0-0 14. Re1 Rc8 15. h3 f6 16. exf6 Bxf6 17. Bd3 Bxd3 18. Qxd3 a6 19. b4 b5 20. Nc5 Nxc5 21. bxc5 e5 22. dxe5 Nxe5 23. Nxe5 Bxe5 24. Qb3 Rf7 25. Red1 d4 26. Qe6 Qe8 27. Qxe8+ Rxe8 28. Bxd4 Bxd4 29. Rxd4 Rc7 30. g4 Re5 31. Rd6 1/2-1/2

[Event "IECG CP.2000.P.00022"]
[Site "IECG email"]
[Date "2000.10.01"]
[Round "?"]
[White "Schulle, Jozsef"]
[Black "Simeone, Donato"]
[Result "0-1"]
[WhiteElo "1176"]
[BlackElo "1750"]
[PlyCount "109"]
[EventDate "2000.10.01"]
[EventType "tourn (corr)"]
[EventRounds "6"]
[EventCountry "ITA"]
[SourceTitle "Corr 2008"]
[Source "ChessBase"]
[SourceDate "2008.06.24"]
[SourceVersion "1"]
[SourceVersionDate "2008.06.24"]
[SourceQuality "1"]

1. c4 e6 2. d4 d5 3. Nc3 Nf6 4. Nf3 Be7 5. e3 0-0 6. Be2 dxc4 7. Bxc4 c5 8. 0-0 a6 9. Qc2 cxd4 10. Nxd4 b5 11. Be2 Bb7 12. a3 Qc7 13. Rd1 Rd8 14. Bf3 Nc6 15. Nxc6 Bxc6 16. Bxc6 Qxc6 17. Bd2 Rac8 18. Rac1 Qc7 19. h3 Qe5 20. Be1 Bd6 21. g3 Rc6 22. Qe2 Rdc8 23. Kg2 Be7 24. e4 Qc7 25. f3 Nd7 26. Na2 Ne5 27. Rxc6 Qxc6 28. Rc1 Qb7 29. Rxc8+ Qxc8 30. Bb4 Bd8 31. Bc3 Nc4 32. Bd4 Qd7 33. Bc3 a5 34. a4 Bb6 35. Kh2 Qc6 36. axb5 Qc5 37. Qf1 Ne3 38. Qe1 f5 39. exf5 Qd5 40. Bd2 Qxd2+ 41. Qxd2 Nf1+ 42. Kg2 Nxd2 43. fxe6 Bd4 44. f4 Kf8 45. Nc1 Bxb2 46. b6 Ba3 47. Ne2 Ne4 48. Nd4 Nd6 49. Nc6 a4 50. f5 Bc5 51. Ne5 Bxb6 52. Nd7+ Kg8 53. f6 Bd4 54. f7+ Nxf7 55. exf7+ 0-1

[Event "IECG CN.1999.0.00149"]
[Site "IECG email"]
[Date "1999.09.13"]
[Round "?"]
[White "Schulle, Jozsef"]
[Black "Parker, Steph"]
[Result "1-0"]
[WhiteElo "997"]
[BlackElo "800"]
[PlyCount "59"]
[EventDate "1999.09.13"]
[EventType "tourn (corr)"]
[EventRounds "6"]
[SourceTitle "Corr 2008"]
[Source "ChessBase"]
[SourceDate "2008.06.24"]
[SourceVersion "1"]
[SourceVersionDate "2008.06.24"]
[SourceQuality "1"]

1. c4 e5 2. Nc3 Nc6 3. g3 g6 4. Bg2 Bg7 5. Rb1 Nf6 6. b4 d5 7. Nxd5 Bf5 8. d3 0-0 9. b5 Nd4 10. Nxf6+ Bxf6 11. Bxb7 Rb8 12. Bg2 Bg4 13. h3 Bf5 14. Bb2 Re8 15. e3 Rb6 16. exd4 exd4+ 17. Ne2 Rbe6 18. Bf3 Qd6 19. g4 Qb4+ 20. Kf1 Bxd3 21. Qxd3 Bh4 22. Kg2 c5 23. bxc6 Qd6 24. Qxd4 Qxd4 25. Nxd4 R6e7 26. Ba3 Re5 27. Bd6 Ra5 28. c7 Rxa2 29. Rhf1 Rd2 30. Rb8 1-0